[Event "25th Abu Dhabi Master 2018"]
[Site "Abu Dhabi"]
[Date "2018.08.09"]
[Round "3"]
[White "Rathanvel, VS."]
[Black "Kadric, Denis"]
[Result "0-1"]
[WhiteElo "2348"]
[BlackElo "2537"]
[Annotator "ChessBase"]
[PlyCount "110"]
[EventDate "2018.08.05"]
[EventType "swiss"]
[EventCountry "UAE"]
[SourceTitle "playchess.com"]
[Source "ChessBase"]
[SourceQuality "1"]

1. e4 d6 2. d4 Nf6 3. Nc3 e5 4. Nf3 Nbd7 5. Bc4 Be7 6. O-O O-O 7. a4 c6 8. Re1 exd4 9. Nxd4 Ne5 10. Ba2 Re8 11. h3 Ng6 12. f4 Bd7 13. Be3 Qa5 14. Qd3 Qh5 15. Rad1 Bd8 16. Nf5 Bxf5 17. exf5 Nh4 18. Bf2 Bc7 19. Rxe8+ Rxe8 20. g4 Nxg4 21. hxg4 Qxg4+ 22. Qg3 Qxg3+ 23. Bxg3 Nxf5 24. Bf2 d5 25. Bxa7 d4 26. Nb1 Bxf4 27. Bc4 g5 28. Bd3 Nh4 29. c3 dxc3 30. Nxc3 Be3+ 31. Bxe3 Rxe3 32. Be2 Re7 33. Kf2 f5 34. b4 g4 35. b5 cxb5 36. axb5 Ng6 37. Rd8+ Kg7 38. Rc8 Kh6 39. Rc5 Kg5 40. b6 Re6 41. Rb5 Nf4 42. Bc4 g3+ 43. Kf3 g2 44. Bxe6 g1=Q 45. Rxf5+ Kg6 46. Rxf4 Qf1+ 47. Ke4 Qe1+ 48. Kd4 Qd2+ 49. Ke4 Qxc3 50. Bd5 Qb4+ 51. Ke5 Qb2+ 52. Rd4 Qxb6 53. Be4+ Kg5 54. Rd7 Qf6+ 55. Kd5 Qc6+ 0-1

[Event "25th Abu Dhabi Master 2018"]
[Site "Abu Dhabi"]
[Date "2018.08.09"]
[Round "3"]
[White "Aliyev, Ravan"]
[Black "Gajwa, Ankit"]
[Result "1-0"]
[WhiteElo "2346"]
[BlackElo "2223"]
[Annotator "NA"]
[PlyCount "79"]
[EventDate "2018.08.05"]
[EventType "swiss"]
[EventCountry "UAE"]
[SourceTitle "playchess.com"]
[Source "ChessBase"]
[SourceQuality "1"]

1. d4 Nf6 2. c4 g6 3. g3 Bg7 4. Bg2 O-O 5. Nf3 d6 6. O-O Nbd7 7. Nc3 e5 8. e4 c6 9. b3 Qb6 10. Bb2 exd4 11. Nxd4 Nc5 12. Qc2 a5 13. Rfd1 Re8 14. h3 a4 15. Rab1 Nfd7 16. Bc1 axb3 17. axb3 Ne5 18. Be3 Qb4 19. f4 Ned7 20. Bf2 Nf6 21. Kh2 h5 22. Bf3 Bh6 23. Be1 Qb6 24. b4 Ncd7 25. Bf2 Qc7 26. Nde2 Bf8 27. Bd4 Bg7 28. c5 dxc5 29. bxc5 Ra5 30. e5 Nd5 31. Nxd5 cxd5 32. Nc3 Nxe5 33. fxe5 Bf5 34. Qf2 Bxe5 35. Nxd5 Qb8 36. Bxe5 Rxe5 37. Rxb7 Qf8 38. c6 Be6 39. Nf6+ Kg7 40. Nd7 1-0

[Event "25th Abu Dhabi Master 2018"]
[Site "Abu Dhabi"]
[Date "2018.08.09"]
[Round "3"]
[White "Padmini, Rout"]
[Black "Priyanka, Kumari"]
[Result "1-0"]
[WhiteElo "2338"]
[BlackElo "2005"]
[Annotator "NA"]
[PlyCount "83"]
[EventDate "2018.08.05"]
[EventType "swiss"]
[EventCountry "UAE"]
[SourceTitle "playchess.com"]
[Source "ChessBase"]
[SourceQuality "1"]

1. e4 c5 2. Nf3 d6 3. d4 cxd4 4. Nxd4 Nf6 5. Nc3 a6 6. Be2 e5 7. Nb3 Be6 8. O-O Nbd7 9. Qd3 Rc8 10. Qg3 b5 11. a3 Qc7 12. Rd1 Qb7 13. Nd2 h5 14. h3 Nc5 15. Qf3 Be7 16. b4 Ncd7 17. a4 Bc4 18. Bxc4 bxc4 19. Rb1 Nf8 20. Nf1 Ne6 21. Be3 O-O 22. Nd5 Nxd5 23. exd5 Nc7 24. Ng3 h4 25. Nf5 Ne8 26. Qg4 Bf6 27. b5 Kh7 28. Bg5 Bxg5 29. Qxg5 f6 30. Qh5+ Kg8 31. bxa6 Qd7 32. Rb7 Nc7 33. a7 Ra8 34. Qg4 Rfd8 35. Qxc4 Rdc8 36. Qg4 Kf8 37. Rdb1 g5 38. R1b6 Rd8 39. Qh5 Kg8 40. Qg6+ Kf8 41. Qxf6+ Kg8 42. Rxd6 1-0

[Event "25th Abu Dhabi Master 2018"]
[Site "Abu Dhabi"]
[Date "2018.08.09"]
[Round "3"]
[White "Zuo, Yifan"]
[Black "Le, Quang Liem"]
[Result "0-1"]
[WhiteElo "2334"]
[BlackElo "2727"]
[Annotator "TA"]
[PlyCount "90"]
[EventDate "2018.08.05"]
[EventType "swiss"]
[EventCountry "UAE"]
[SourceTitle "playchess.com"]
[Source "ChessBase"]
[SourceQuality "1"]

1. d4 Nf6 2. Nf3 g6 3. c4 Bg7 4. g3 O-O 5. Bg2 d6 6. O-O Nc6 7. Nc3 Bd7 8. Bf4 Nh5 9. Be3 e5 10. dxe5 dxe5 11. Nd5 Re8 12. Qd2 e4 13. Nd4 Ne5 14. Rac1 c6 15. Nf4 Nf6 16. Nb3 Qc8 17. Nc5 Bf5 18. f3 exf3 19. exf3 b6 20. Ne4 Nxf3+ 21. Bxf3 Bxe4 22. Bd4 Qd8 23. Rcd1 Bxf3 24. Rxf3 Ne4 25. Qd3 Bxd4+ 26. Qxd4 Ng5 27. Rff1 Qxd4+ 28. Rxd4 Rad8 29. Rdd1 Nf3+ 30. Kg2 Nd2 31. Rfe1 Rxe1 32. Rxe1 Nxc4 33. b3 Rd2+ 34. Re2 Rxe2+ 35. Nxe2 Ne5 36. h3 f5 37. Kf2 Kf7 38. Ke3 Ke6 39. a3 c5 40. Nc3 g5 41. Nb5 Nc6 42. Nc7+ Ke5 43. h4 gxh4 44. gxh4 Nd4 45. b4 c4 0-1

[Event "25th Abu Dhabi Master 2018"]
[Site "Abu Dhabi"]
[Date "2018.08.09"]
[Round "3"]
[White "Koustav, Chatterjee"]
[Black "Samant, Aditya S"]
[Result "1-0"]
[WhiteElo "2325"]
[BlackElo "2217"]
[Annotator "NA"]
[PlyCount "113"]
[EventDate "2018.08.05"]
[EventType "swiss"]
[EventCountry "UAE"]
[SourceTitle "playchess.com"]
[Source "ChessBase"]
[SourceQuality "1"]

1. c4 e5 2. g3 Nf6 3. Bg2 d5 4. cxd5 Nxd5 5. Nc3 Nb6 6. Nf3 Nc6 7. O-O Be7 8. Rb1 a5 9. d3 Be6 10. Be3 O-O 11. Rc1 Nd5 12. Nxd5 Bxd5 13. Qa4 f6 14. a3 Qd7 15. Rc3 Rfd8 16. Rfc1 f5 17. Bc5 Bf6 18. e4 fxe4 19. dxe4 Be6 20. Be3 h6 21. Qb5 Rab8 22. Kh1 Qf7 23. h3 Kh8 24. Kh2 Bd7 25. Qf1 Be6 26. Ne1 Be7 27. Nd3 Bd6 28. f4 a4 29. f5 Bb3 30. Nc5 Nd4 31. Bxd4 exd4 32. Rf3 Be5 33. Nd3 Re8 34. Qf2 Rbd8 35. h4 Bc4 36. Nf4 Bxf4 37. Rxf4 d3 38. Qd2 b5 39. Rg4 Rd6 40. Rf1 Rf6 41. Rgf4 Qe7 42. Kh3 Qe5 43. g4 Kh7 44. g5 Rff8 45. Rg4 hxg5 46. hxg5 g6 47. Rh4+ Kg7 48. f6+ Kg8 49. Bf3 Kf7 50. Rh7+ Ke6 51. Qb4 Qd6 52. Bg4+ Ke5 53. Qc3+ Qd4 54. Qd2 Qb6 55. Qf4+ Kd4 56. Rd7+ Kc5 57. Rxc7+ 1-0

[Event "25th Abu Dhabi Master 2018"]
[Site "Abu Dhabi"]
[Date "2018.08.09"]
[Round "3"]
[White "Aronyak, Ghosh"]
[Black "Byron, Alan M"]
[Result "1-0"]
[WhiteElo "2318"]
[BlackElo "2132"]
[Annotator "NA"]
[PlyCount "83"]
[EventDate "2018.08.05"]
[EventType "swiss"]
[EventCountry "UAE"]
[SourceTitle "playchess.com"]
[Source "ChessBase"]
[SourceQuality "1"]

1. d4 e6 2. Bf4 Nf6 3. e3 c5 4. c3 b6 5. Nf3 Bb7 6. Bd3 Be7 7. h3 O-O 8. O-O d6 9. Nbd2 cxd4 10. exd4 Nbd7 11. Re1 Re8 12. Bg3 Bf8 13. Nc4 Qc7 14. a4 a6 15. Qe2 Bc6 16. Nh2 b5 17. axb5 axb5 18. Rxa8 Rxa8 19. Ne3 Qb7 20. Nhg4 Nxg4 21. hxg4 b4 22. c4 Be4 23. f3 Bxd3 24. Qxd3 b3 25. Nf1 Ra2 26. Rb1 e5 27. Nd2 exd4 28. Qxb3 Qa7 29. Bf2 Nc5 30. Qc2 Ne6 31. Qd1 g6 32. Ne4 Qb6 33. Nf6+ Kg7 34. Nd7 Qa7 35. Nxf8 Kxf8 36. Qd2 Qc5 37. Qh6+ Kg8 38. f4 Qxc4 39. f5 Nf8 40. Rc1 Qa6 41. Bxd4 f6 42. Rc7 1-0

[Event "25th Abu Dhabi Master 2018"]
[Site "Abu Dhabi"]
[Date "2018.08.09"]
[Round "3"]
[White "Sammed Jaykumar, Shete"]
[Black "Saduakassova, Dinara"]
[Result "0-1"]
[WhiteElo "2314"]
[BlackElo "2495"]
[Annotator "TA"]
[PlyCount "72"]
[EventDate "2018.08.05"]
[EventType "swiss"]
[EventCountry "UAE"]
[SourceTitle "playchess.com"]
[Source "ChessBase"]
[SourceQuality "1"]

1. e4 e5 2. Nf3 Nc6 3. Bc4 Bc5 4. d3 Nf6 5. O-O O-O 6. c3 d5 7. exd5 Nxd5 8. h3 Bf5 9. Re1 Nb6 10. Bb5 f6 11. Bxc6 bxc6 12. d4 exd4 13. b4 Bd6 14. Nxd4 Qd7 15. Be3 Bg6 16. Nb3 Nd5 17. Bd4 Nf4 18. Qg4 f5 19. Qd1 Qd8 20. Be3 Bh5 21. Qd4 Nxg2 22. Kxg2 f4 23. N1d2 Qg5+ 24. Kf1 Qh4 25. f3 Qxh3+ 26. Ke2 Rae8 27. Kd1 fxe3 28. Rxe3 Rxe3 29. Qxe3 Bg6 30. Kc1 Re8 31. Qxa7 Qf5 32. Nd4 Qd3 33. Ne4 Bxe4 34. fxe4 Qxc3+ 35. Nc2 Bf4+ 36. Kb1 Rd8 0-1

[Event "25th Abu Dhabi Master 2018"]
[Site "Abu Dhabi"]
[Date "2018.08.09"]
[Round "3"]
[White "Gomes, Mary Ann"]
[Black "Swapnil, S Dhopade"]
[Result "0-1"]
[WhiteElo "2303"]
[BlackElo "2487"]
[Annotator "ChessBase"]
[PlyCount "80"]
[EventDate "2018.08.05"]
[EventType "swiss"]
[EventCountry "UAE"]
[SourceTitle "playchess.com"]
[Source "ChessBase"]
[SourceQuality "1"]

1. Nf3 d5 2. g3 Bg4 3. Bg2 Nd7 4. c4 e6 5. cxd5 exd5 6. Nc3 Ngf6 7. d4 c6 8. h3 Bxf3 9. Bxf3 Bd6 10. Bg5 h6 11. Be3 Qe7 12. Qc1 Nb6 13. Bf4 Nc4 14. O-O O-O 15. Re1 Bxf4 16. Qxf4 Nxb2 17. Rab1 Nc4 18. e4 dxe4 19. Nxe4 Nd5 20. Qc1 Ncb6 21. a4 Nxa4 22. Nc5 Qf6 23. Bxd5 Nxc5 24. Qxc5 cxd5 25. Rxb7 Qf5 26. Rxa7 Rxa7 27. Qxa7 Qxh3 28. Qc5 Rd8 29. Qc7 Rc8 30. Qb7 Qf5 31. Re5 Rc1+ 32. Kg2 Qd3 33. Re8+ Kh7 34. Qxf7 Qf1+ 35. Kf3 Qd1+ 36. Kf4 Qxd4+ 37. Kf3 Qd1+ 38. Kf4 Rc4+ 39. Ke5 Qd4+ 40. Kd6 Qc5+ 0-1

[Event "25th Abu Dhabi Master 2018"]
[Site "Abu Dhabi"]
[Date "2018.08.09"]
[Round "3"]
[White "Karthik, Kumar Pradeep"]
[Black "Iniyan, Panneerseluam"]
[Result "0-1"]
[WhiteElo "2295"]
[BlackElo "2464"]
[Annotator "TA"]
[PlyCount "72"]
[EventDate "2018.08.05"]
[EventType "swiss"]
[EventCountry "UAE"]
[SourceTitle "playchess.com"]
[Source "ChessBase"]
[SourceQuality "1"]

1. d4 Nf6 2. c4 g6 3. Nf3 Bg7 4. g3 d6 5. Bg2 O-O 6. Nc3 Nbd7 7. O-O e5 8. e4 exd4 9. Nxd4 Re8 10. h3 Nc5 11. Re1 Bd7 12. Rb1 a5 13. Ndb5 h6 14. Qc2 Be6 15. b3 c6 16. Nd4 Bd7 17. Be3 Qc8 18. g4 h5 19. f3 Rb8 20. Qd2 b5 21. cxb5 cxb5 22. g5 b4 23. Nce2 Nfxe4 24. fxe4 Bxh3 25. Bxh3 Qxh3 26. Nf4 Qg4+ 27. Ng2 Nxe4 28. Qd1 Nc3 29. Qxg4 hxg4 30. Rbc1 Rxe3 31. Nxe3 Bxd4 32. Kf1 Rb5 33. Nxg4 Rxg5 34. Re8+ Kg7 35. Ne3 Rg3 36. Re1 f5 0-1

[Event "25th Abu Dhabi Master 2018"]
[Site "Abu Dhabi"]
[Date "2018.08.09"]
[Round "3"]
[White "Daneshvar, Bardiya"]
[Black "Senthil, Maran K"]
[Result "1/2-1/2"]
[WhiteElo "2290"]
[BlackElo "2167"]
[Annotator "NA"]
[PlyCount "118"]
[EventDate "2018.08.05"]
[EventType "swiss"]
[EventCountry "UAE"]
[SourceTitle "playchess.com"]
[Source "ChessBase"]
[SourceQuality "1"]

1. d4 d5 2. c4 e6 3. Nc3 Be7 4. cxd5 exd5 5. Bf4 Nf6 6. e3 O-O 7. Bd3 c5 8. dxc5 Bxc5 9. Nf3 Nc6 10. O-O Bg4 11. h3 Bh5 12. Bg5 h6 13. Bxf6 Qxf6 14. g4 Bg6 15. Bxg6 fxg6 16. Qxd5+ Kh7 17. Nd2 Bb6 18. Qg2 Rad8 19. Nc4 Ne5 20. Nxe5 Qxe5 21. Qe4 Qxe4 22. Nxe4 Rfe8 23. Nc3 Rd2 24. Na4 Rf8 25. Nxb6 axb6 26. Kg2 Rxb2 27. a4 g5 28. Kg3 Kg6 29. Rad1 b5 30. axb5 Rxb5 31. Rb1 Rxb1 32. Rxb1 Rb8 33. Rb6+ Kf7 34. Kf3 Ke7 35. Ke4 Kd7 36. Rg6 Re8+ 37. Kd5 Re7 38. e4 Rf7 39. e5 Ke7 40. e6 Rxf2 41. Rxg7+ Ke8 42. Rxb7 Rf3 43. Rb8+ Ke7 44. Rb7+ Ke8 45. h4 gxh4 46. Rb8+ Ke7 47. Rb7+ Ke8 48. Ke5 Rf1 49. Rh7 Re1+ 50. Kf5 Rf1+ 51. Kg6 Rf4 52. Kh5 Rf6 53. Kxh4 Rxe6 54. Kh5 Kf8 55. Rxh6 Re5+ 56. Kg6 Kg8 57. g5 Ra5 58. Kh5 Kg7 59. Rg6+ Kh7 1/2-1/2

[Event "25th Abu Dhabi Master 2018"]
[Site "Abu Dhabi"]
[Date "2018.08.09"]
[Round "3"]
[White "Sharma, Dinesh Kumar"]
[Black "Shyam, Sundar M."]
[Result "0-1"]
[WhiteElo "2275"]
[BlackElo "2527"]
[Annotator "ChessBase"]
[PlyCount "56"]
[EventDate "2018.08.05"]
[EventType "swiss"]
[EventCountry "UAE"]
[SourceTitle "playchess.com"]
[Source "ChessBase"]
[SourceQuality "1"]

1. e4 e5 2. Nf3 Nc6 3. d4 exd4 4. Nxd4 Bc5 5. Nb3 Bb6 6. Nc3 Nf6 7. Qe2 O-O 8. Be3 d5 9. O-O-O d4 10. Bg5 h6 11. Bh4 Bg4 12. f3 Be6 13. e5 Re8 14. exf6 Bxb3 15. Ne4 Bxa2 16. Qe1 g6 17. Qd2 Kh7 18. Bg5 Ba5 19. Qf2 Rxe4 20. fxe4 hxg5 21. h4 g4 22. h5 g5 23. h6 Be6 24. Rh5 Kg6 25. Bd3 Ne5 26. Rdh1 Qxf6 27. Qxf6+ Kxf6 28. h7 Rh8 0-1

[Event "25th Abu Dhabi Master 2018"]
[Site "Abu Dhabi"]
[Date "2018.08.09"]
[Round "3"]
[White "Jubin, Jimmy"]
[Black "Ikeda, Junta"]
[Result "0-1"]
[WhiteElo "2267"]
[BlackElo "2419"]
[Annotator "NA"]
[PlyCount "62"]
[EventDate "2018.08.05"]
[EventType "swiss"]
[EventCountry "UAE"]
[SourceTitle "playchess.com"]
[Source "ChessBase"]
[SourceQuality "1"]

1. d4 Nf6 2. c4 b6 3. Nc3 Bb7 4. Qc2 d5 5. cxd5 Nxd5 6. e4 Nxc3 7. bxc3 e5 8. Nf3 Nd7 9. Bb5 c6 10. Bd3 Bd6 11. O-O Qe7 12. dxe5 Nxe5 13. Nd4 Nxd3 14. Qxd3 Qd7 15. e5 Be7 16. Qg3 c5 17. Nc2 O-O-O 18. Ne3 Qe6 19. c4 h5 20. h3 f5 21. f4 Rh6 22. Qf2 Rg6 23. Qe2 h4 24. Bb2 Rg3 25. Bc3 Qg6 26. Rf2 Rxh3 27. e6 Qg3 28. Nf1 Qxc3 29. Rb1 Rhd3 30. Rb3 Qxc4 31. Ne3 Qe4 0-1

[Event "25th Abu Dhabi Master 2018"]
[Site "Abu Dhabi"]
[Date "2018.08.09"]
[Round "3"]
[White "Pranav, Vijay"]
[Black "Samhouri, Admah Fawzi"]
[Result "1/2-1/2"]
[WhiteElo "2265"]
[BlackElo "2348"]
[Annotator "NA"]
[PlyCount "114"]
[EventDate "2018.08.05"]
[EventType "swiss"]
[EventCountry "UAE"]
[SourceTitle "playchess.com"]
[Source "ChessBase"]
[SourceQuality "1"]

1. d4 d5 2. Bf4 Nf6 3. Nc3 Bf5 4. f3 e6 5. g4 Bg6 6. h4 h6 7. h5 Bh7 8. e3 Bd6 9. Bd3 Bxf4 10. exf4 Bxd3 11. Qxd3 c5 12. Nge2 Nc6 13. dxc5 Nd7 14. Qe3 Qa5 15. O-O-O O-O-O 16. Nd4 Qxc5 17. Rhe1 Nb6 18. Qg1 Nxd4 19. Qxd4 Qxd4 20. Rxd4 Rhe8 21. b3 a6 22. Rd2 Kb8 23. Nd1 Kc7 24. Nb2 f6 25. Rde2 Kd6 26. Nd3 Nd7 27. Rd1 Nc5 28. Nb2 Kc7 29. Rde1 Kd6 30. Nd1 e5 31. fxe5+ fxe5 32. Ne3 Ke6 33. Nf5 Kf6 34. f4 e4 35. Rd1 Ne6 36. Rf1 Nc5 37. c3 b5 38. Kd2 Ne6 39. Ke3 Rc8 40. Kd2 Rcd8 41. Ke3 b4 42. Rc2 bxc3 43. Rd1 d4+ 44. Nxd4 Nc7 45. Rcc1 Nd5+ 46. Kf2 Nxf4 47. Rxc3 Rd6 48. Rf1 Rxd4 49. Ke3 Rd3+ 50. Rxd3 exd3+ 51. Kxf4 Re2 52. Rd1 Rf2+ 53. Kg3 Rxa2 54. Rxd3 Rb2 55. Rd6+ Kf7 56. Rxa6 Rxb3+ 57. Kh4 Rb7 1/2-1/2

[Event "25th Abu Dhabi Master 2018"]
[Site "Abu Dhabi"]
[Date "2018.08.09"]
[Round "3"]
[White "Krishnater, Kushager"]
[Black "Salonika, Saina"]
[Result "1-0"]
[WhiteElo "2256"]
[BlackElo "2069"]
[Annotator "NA"]
[PlyCount "111"]
[EventDate "2018.08.05"]
[EventType "swiss"]
[EventCountry "UAE"]
[SourceTitle "playchess.com"]
[Source "ChessBase"]
[SourceQuality "1"]

1. Nf3 Nf6 2. g3 g6 3. b3 b6 4. Bb2 Bg7 5. Bg2 Bb7 6. O-O O-O 7. c4 c5 8. d4 cxd4 9. Qxd4 d5 10. Rd1 Qc8 11. Na3 dxc4 12. Rac1 Na6 13. Rxc4 Qe8 14. Qh4 Rd8 15. Rdc1 h6 16. R4c2 Nc5 17. Ne5 Bxg2 18. Kxg2 Rd5 19. Qc4 Qa8 20. f3 e6 21. e4 Rdd8 22. b4 Nb7 23. Nc6 Rd7 24. Qb5 Nd6 25. Qa6 Nc8 26. Nb5 h5 27. Be5 Qb7 28. Qxb7 Rxb7 29. Ncd4 a6 30. Rxc8 axb5 31. Nxb5 Nd7 32. Bd6 Rxc8 33. Rxc8+ Kh7 34. f4 e5 35. Kf3 f5 36. exf5 gxf5 37. fxe5 Nxe5+ 38. Kf4 Ng4 39. h3 Nf2 40. Rc7 Rxc7 41. Nxc7 Kg6 42. h4 Ne4 43. Nb5 Bh6+ 44. Kf3 Nxd6 45. Nxd6 Bf8 46. Nc8 Bxb4 47. Nxb6 Kf7 48. Nd5 Ba3 49. Nf4 Kf6 50. Nxh5+ Kg6 51. Nf4+ Kf6 52. Nd5+ Kg6 53. Ne3 Bd6 54. a4 Bc7 55. Nc4 Kh5 56. a5 1-0

[Event "25th Abu Dhabi Master 2018"]
[Site "Abu Dhabi"]
[Date "2018.08.09"]
[Round "3"]
[White "Srija, Seshadri"]
[Black "Dimakiling, Oliver"]
[Result "0-1"]
[WhiteElo "2255"]
[BlackElo "2401"]
[Annotator "NA"]
[PlyCount "48"]
[EventDate "2018.08.05"]
[EventType "swiss"]
[EventCountry "UAE"]
[SourceTitle "playchess.com"]
[Source "ChessBase"]
[SourceQuality "1"]

1. e4 d6 2. d4 Nf6 3. Nc3 c6 4. f4 Qa5 5. Bd3 e5 6. Nf3 Bg4 7. dxe5 dxe5 8. h3 Bxf3 9. Qxf3 Nbd7 10. O-O exf4 11. Bxf4 Ne5 12. Qe2 Bd6 13. Nd1 O-O-O 14. Ne3 g6 15. Bg5 Nh5 16. Bxd8 Rxd8 17. Rf2 Bc5 18. a4 Qb6 19. a5 Qxb2 20. Re1 Ng3 21. Qd1 Nxe4 22. Rfe2 Nc3 23. Qd2 Nxd3 24. cxd3 Nxe2+ 0-1

[Event "25th Abu Dhabi Master 2018"]
[Site "Abu Dhabi"]
[Date "2018.08.09"]
[Round "3"]
[White "Dixit, Nikhil"]
[Black "Isha, Sharma"]
[Result "1-0"]
[WhiteElo "2240"]
[BlackElo "2145"]
[Annotator "NA"]
[PlyCount "63"]
[EventDate "2018.08.05"]
[EventType "swiss"]
[EventCountry "UAE"]
[SourceTitle "playchess.com"]
[Source "ChessBase"]
[SourceQuality "1"]

1. e4 d6 2. d4 Nf6 3. Nc3 e5 4. Nf3 Nbd7 5. Bc4 Be7 6. O-O O-O 7. a4 c6 8. Re1 a5 9. Ba2 exd4 10. Nxd4 Nc5 11. h3 Qb6 12. Nb3 Nxb3 13. Bxb3 Be6 14. Be3 Qc7 15. f4 Bxb3 16. cxb3 Rfe8 17. Rc1 Bf8 18. Bd4 Qd8 19. Qf3 Rc8 20. Rcd1 Nd7 21. Kh1 Qe7 22. Qg3 Qe6 23. Rd3 Qg6 24. Qf2 Nf6 25. Rg3 Qh6 26. f5 Nh5 27. Rg4 Be7 28. Be3 Qf6 29. e5 Qxe5 30. Bd4 Bh4 31. Rxe5 Bxf2 32. Rxe8+ 1-0

[Event "25th Abu Dhabi Master 2018"]
[Site "Abu Dhabi"]
[Date "2018.08.09"]
[Round "3"]
[White "Parnali, S Dharia"]
[Black "Siva, Mahadevan"]
[Result "0-1"]
[WhiteElo "2218"]
[BlackElo "2331"]
[Annotator "NA"]
[PlyCount "44"]
[EventDate "2018.08.05"]
[EventType "swiss"]
[EventCountry "UAE"]
[SourceTitle "playchess.com"]
[Source "ChessBase"]
[SourceQuality "1"]

1. d4 Nf6 2. c4 g6 3. Nc3 Bg7 4. Nf3 O-O 5. g3 d6 6. Bg2 Nbd7 7. O-O e5 8. dxe5 dxe5 9. Qc2 c6 10. b3 Qe7 11. Bb2 e4 12. Ng5 e3 13. f4 Nc5 14. Nd1 Bf5 15. Qc1 Rfe8 16. Rf3 Rad8 17. Be5 h6 18. Nh3 Ng4 19. Bxg7 Kxg7 20. Kh1 Qf6 21. Ng1 Ne4 22. Bf1 Rxd1 0-1

[Event "25th Abu Dhabi Master 2018"]
[Site "Abu Dhabi"]
[Date "2018.08.09"]
[Round "3"]
[White "Varshini, Veileven"]
[Black "Al Hosani, Omran"]
[Result "1/2-1/2"]
[WhiteElo "2205"]
[BlackElo "2135"]
[Annotator "NA"]
[PlyCount "101"]
[EventDate "2018.08.05"]
[EventType "swiss"]
[EventCountry "UAE"]
[SourceTitle "playchess.com"]
[Source "ChessBase"]
[SourceQuality "1"]

1. e4 e5 2. Nf3 Nc6 3. Bb5 a6 4. Ba4 Nf6 5. Qe2 b5 6. Bb3 Be7 7. O-O O-O 8. c3 d5 9. d3 Be6 10. Rd1 dxe4 11. dxe4 Qc8 12. Bd5 Qe8 13. a4 Bxd5 14. exd5 Na5 15. axb5 Qxb5 16. Qxb5 axb5 17. Nxe5 Bd6 18. Nf3 Nb3 19. Rxa8 Rxa8 20. Be3 Ra1 21. g3 h6 22. h3 Kf8 23. Kg2 Na5 24. Re1 Nxd5 25. Nbd2 Rxe1 26. Nxe1 Nxe3+ 27. fxe3 b4 28. Kf3 bxc3 29. bxc3 Be5 30. Nb1 Nc4 31. g4 Ke7 32. Nc2 c5 33. Ne1 Kd6 34. Nd3 Kd5 35. e4+ Kd6 36. Ke2 Bf6 37. Nd2 Na3 38. e5+ Bxe5 39. Ne4+ Kd5 40. Nxe5 Kxe4 41. Nxf7 Nb1 42. Nd6+ Kd5 43. Nf5 Nxc3+ 44. Kd3 Ne4 45. Nxg7 Nf2+ 46. Kc2 Nxh3 47. Nf5 Ke5 48. Nxh6 Kf4 49. Kc3 Kg5 50. Kc4 Kxh6 51. Kxc5 1/2-1/2

[Event "25th Abu Dhabi Master 2018"]
[Site "Abu Dhabi"]
[Date "2018.08.09"]
[Round "3"]
[White "Bhambure, Shantanu"]
[Black "Bhakti, Kulkarni"]
[Result "1-0"]
[WhiteElo "2194"]
[BlackElo "2312"]
[Annotator "NA"]
[PlyCount "95"]
[EventDate "2018.08.05"]
[EventType "swiss"]
[EventCountry "UAE"]
[SourceTitle "playchess.com"]
[Source "ChessBase"]
[SourceQuality "1"]

1. d4 d5 2. c4 e6 3. Nf3 Nf6 4. Bg5 Be7 5. Nc3 O-O 6. e3 b6 7. Qb3 dxc4 8. Bxc4 Bb7 9. O-O h6 10. Bh4 Nbd7 11. Qc2 c5 12. Rfd1 cxd4 13. Rxd4 Qc8 14. Qe2 a6 15. Rdd1 b5 16. Bb3 Nc5 17. Bc2 Qc6 18. Rac1 Rfd8 19. a3 Kf8 20. h3 Rac8 21. Rxd8+ Rxd8 22. Rd1 Rxd1+ 23. Qxd1 Nce4 24. Nxe4 Nxe4 25. Bxe7+ Kxe7 26. Nd4 Qd5 27. f3 Nd6 28. Bb3 Qg5 29. Qc1 Kd7 30. Kf1 e5 31. Ne2 Nf5 32. Kf2 Nh4 33. Ng3 f5 34. Qd2+ Ke8 35. Qd6 f4 36. Qb8+ Ke7 37. Qxb7+ Ke8 38. Qc8+ Ke7 39. Qe6+ Kd8 40. Qd6+ Ke8 41. exf4 exf4 42. Qe6+ Kd8 43. Qd5+ Qxd5 44. Bxd5 fxg3+ 45. Kxg3 g5 46. Be4 Ke7 47. Kf2 Kf6 48. g3 1-0

[Event "25th Abu Dhabi Master 2018"]
[Site "Abu Dhabi"]
[Date "2018.08.09"]
[Round "3"]
[White "Divya, Deshmukh"]
[Black "Hakobyan, Eduard"]
[Result "0-1"]
[WhiteElo "2172"]
[BlackElo "2134"]
[Annotator "NA"]
[PlyCount "183"]
[EventDate "2018.08.05"]
[EventType "swiss"]
[EventCountry "UAE"]
[SourceTitle "playchess.com"]
[Source "ChessBase"]
[SourceQuality "1"]

1. e4 c6 2. Nc3 d5 3. Nf3 dxe4 4. Nxe4 Nf6 5. Ng3 h5 6. h4 Bg4 7. Be2 Nbd7 8. d4 e6 9. Ng5 Bxe2 10. Qxe2 Bd6 11. N3e4 Nxe4 12. Nxe4 Be7 13. c3 Nf6 14. Ng5 Qd5 15. O-O Qf5 16. Re1 Bd6 17. a4 O-O 18. Ne4 Nxe4 19. Qxe4 Qxe4 20. Rxe4 Rfe8 21. Bd2 f6 22. c4 Kf7 23. Bc3 Re7 24. b4 Rae8 25. b5 e5 26. bxc6 bxc6 27. Rae1 exd4 28. Rxe7+ Rxe7 29. Rxe7+ Kxe7 30. Bxd4 a6 31. Kf1 g5 32. g3 Ke6 33. Ke2 Be5 34. Bb6 Bb2 35. Be3 Kf5 36. f3 Be5 37. Kf2 Bd6 38. Bd4 Bc7 39. Be3 Bd8 40. Bd4 Ke6 41. Ke2 gxh4 42. gxh4 f5 43. Bf2 Ke5 44. Kd3 Kf4 45. Ke2 Be7 46. Be1 Bc5 47. Bd2+ Kg3 48. Bg5 Bg1 49. Be7 Kh3 50. Bf6 Bh2 51. Ke3 Bg3 52. Bc3 Kxh4 53. Ke2 Kg5 54. Kf1 Kf4 55. Kg2 Bh4 56. Bd4 Be1 57. Kf1 Bg3 58. Ke2 Bh4 59. Bc5 Ke5 60. Be3 Bd8 61. Kd3 Ba5 62. f4+ Kd6 63. Ke2 Bb4 64. Bf2 Kc7 65. Kd3 Bd6 66. Be3 Kd7 67. Ke2 h4 68. Kf3 Be7 69. Bd4 Kc7 70. Kg2 Bd6 71. Be3 c5 72. Kh3 Be7 73. Bf2 Kb6 74. Be1 Bf6 75. a5+ Kc7 76. Bxh4 Bc3 77. Be7 Bxa5 78. Bxc5 Bd2 79. Kg3 a5 80. Ba3 Kc6 81. Kf3 a4 82. Kg3 Be3 83. Kf3 Bd2 84. Kg3 Kb6 85. Bd6 Ka5 86. Bc7+ Kb4 87. Kh4 Kxc4 88. Bd6 Bb4 89. Be5 a3 90. Kg5 Bc3 91. Kxf5 a2 92. Ke4 0-1

[Event "25th Abu Dhabi Master 2018"]
[Site "Abu Dhabi"]
[Date "2018.08.09"]
[Round "3"]
[White "Mendonca, Leon Luke"]
[Black "Kulkarni, Chinmay"]
[Result "0-1"]
[WhiteElo "2168"]
[BlackElo "2355"]
[Annotator "NA"]
[PlyCount "74"]
[EventDate "2018.08.05"]
[EventType "swiss"]
[EventCountry "UAE"]
[SourceTitle "playchess.com"]
[Source "ChessBase"]
[SourceQuality "1"]

1. d4 d5 2. c4 c6 3. Nf3 Nf6 4. g3 Bf5 5. Nc3 e6 6. Nh4 Bg4 7. h3 Bh5 8. g4 Bg6 9. Nxg6 hxg6 10. Bg2 Nbd7 11. e3 dxc4 12. f4 Qc7 13. Qe2 Nb6 14. e4 Rd8 15. Be3 Be7 16. O-O-O a6 17. Qf2 Nbd7 18. f5 e5 19. d5 cxd5 20. exd5 gxf5 21. Qxf5 Bc5 22. Bg5 Qb6 23. Rhf1 Bd4 24. Bxf6 gxf6 25. d6 Bxc3 26. bxc3 Qa5 27. Qc2 Rc8 28. g5 Rc5 29. Rd2 fxg5 30. Rdf2 Qa3+ 31. Kd1 Rb5 32. Rxf7 Qxd6+ 33. Ke2 Qb6 34. Qf5 Rb2+ 35. Kf3 Qc6+ 36. Ke3 Qc5+ 37. Ke4 Re2+ 0-1